| 000 | 00726nam a2200193Ia 4500 | ||
|---|---|---|---|
| 003 | PILC | ||
| 005 | 20160205085159.0 | ||
| 008 | 140609s9999 xx 000 0 und d | ||
| 020 | _a9781118094600 | ||
| 050 |
_aBF 576 _b.K16 2013 |
||
| 100 | _aKanoy, Korrel. | ||
| 245 | 4 |
_aThe student EQ edge : _bemotional intelligence and your academic and personal success : student workbook / _cKorrel Kanoy, Steven J. Stein, Howard E. Book |
|
| 260 |
_aSan Francisco, CA : _bJossey-Bass, _c2013. |
||
| 300 |
_a220 pages : _billustrations ; _c28 cm. |
||
| 500 | _aIncludes bibliographical references and appendices. | ||
| 650 |
_aSuccess _xPsychological aspects -- Problems, exercises, etc. |
||
| 942 |
_kFOR _cBK _2lcc |
||
| 999 |
_c117993 _d117993 |
||